[Event "Tenerife-chT Tercera"]
[Site "Tenerife"]
[Date "2023.04.29"]
[Round "13"]
[White "Hernandez Aguilera, Nauzet"]
[Black "Arteaga Medina, Ruben Severo"]
[Result "0-1"]
[WhiteElo "1231"]
[BlackElo "1671"]
[PlyCount "94"]
[EventDate "2023.01.14"]
[EventType "team-tourn"]
[EventRounds "15"]
[EventCountry "ESP"]
[SourceTitle "EXT 2024"]
[Source "ChessBase"]
[SourceDate "2023.10.10"]
[SourceVersion "1"]
[SourceVersionDate "2023.10.10"]
[SourceQuality "1"]
[WhiteTeam "Caissa Enroque III"]
[BlackTeam "El Sauzal Libreria Barco III"]
[WhiteTeamCountry "ESP"]
[BlackTeamCountry "ESP"]

1. d4 d5 2. c4 c6 3. Nc3 Nf6 4. cxd5 cxd5 5. Bg5 e6 6. Nf3 Be7 7. e3 0-0 8. Bd3 Nc6 9. a3 a6 10. 0-0 h6 11. Bh4 b5 12. b4 Bb7 13. Rc1 Rc8 14. Bb1 Nd7 15. Qd3 g6 16. Bxe7 Qxe7 17. Nd2 Nb6 18. Ne2 Nc4 19. Nf4 Qf6 20. Rfd1 Nb2 21. Qe2 Nxd1 22. Qxd1 Nxd4 23. Rxc8 Rxc8 24. Nd3 Nf5 25. Nc5 Nd6 26. Qg4 Kg7 27. h4 Ba8 28. Nf3 h5 29. Qd4 Qxd4 30. Nxd4 a5 31. Bd3 axb4 32. axb4 Ne4 33. Bxe4 dxe4 34. Nxb5 Rb8 35. Nc7 Bc6 36. N5a6 Rb7 37. Kf1 Bb5+ 38. Nxb5 Rxb5 39. Ke2 Rb6 40. Nc5 Rxb4 41. Kd2 Rc4 42. Nb3 Kf6 43. Nd4 e5 44. Ne2 Kf5 45. Ng3+ Kg4 46. Nxe4 Rxe4 47. f3+ Kxh4 0-1

[Event "Tenerife-chT Primera"]
[Site "Tenerife"]
[Date "2023.01.14"]
[Round "1.1"]
[White "Arteaga Medina, Ruben Severo"]
[Black "Aguirre Lorenzo, Luis Francisco"]
[Result "1-0"]
[WhiteElo "1671"]
[BlackElo "1869"]
[PlyCount "45"]
[EventDate "2023.01.14"]
[EventType "team-tourn"]
[EventRounds "14"]
[EventCountry "ESP"]
[SourceTitle "EXT 2024"]
[Source "ChessBase"]
[SourceDate "2023.10.10"]
[SourceVersion "1"]
[SourceVersionDate "2023.10.10"]
[SourceQuality "1"]
[WhiteTeam "El Sauzal Libreria Barco II"]
[BlackTeam "Circulo de Amistad XII Enero II"]
[WhiteTeamCountry "ESP"]
[BlackTeamCountry "ESP"]

1. d4 Nf6 2. e3 d5 3. Bd3 e6 4. Nd2 b6 5. f4 Bb7 6. Ngf3 Be7 7. 0-0 0-0 8. Ne5 c5 9. c3 Nbd7 10. Qf3 Qc7 11. g4 Rac8 12. g5 Nxe5 13. fxe5 Ne4 14. h4 Qc6 15. Qg4 b5 16. Bxe4 dxe4 17. Rf4 b4 18. Nxe4 cxd4 19. exd4 bxc3 20. bxc3 Qc4 21. d5 Bc5+ 22. Kh2 Qxd5 23. Nf6+ 1-0

[Event "Tenerife-chT Primera"]
[Site "Tenerife"]
[Date "2022.05.28"]
[Round "14.1"]
[White "Arteaga Medina, Ruben Severo"]
[Black "Diaz Reyes, Franklin"]
[Result "1-0"]
[WhiteElo "1616"]
[BlackElo "1839"]
[PlyCount "67"]
[EventDate "2022.01.29"]
[EventType "team-tourn"]
[EventRounds "14"]
[EventCountry "ESP"]
[SourceTitle "EXT 2024"]
[Source "ChessBase"]
[SourceDate "2023.10.10"]
[SourceVersion "1"]
[SourceVersionDate "2023.10.10"]
[SourceQuality "1"]
[WhiteTeam "El Sauzal II"]
[BlackTeam "Fundacion La Caja de Canarias II"]
[WhiteTeamCountry "ESP"]
[BlackTeamCountry "ESP"]

1. d4 d5 2. e3 Nf6 3. Bd3 c5 4. c3 e6 5. Nd2 Be7 6. f4 b6 7. Ngf3 Ba6 8. Bxa6 Nxa6 9. Qa4+ Nd7 10. Qxa6 g5 11. Ne5 f6 12. Nxd7 Qxd7 13. fxg5 Rg8 14. Nf3 c4 15. b3 Rc8 16. b4 Bd6 17. Bd2 e5 18. gxf6 e4 19. Ne5 Bxe5 20. dxe5 Rxg2 21. 0-0-0 Kf7 22. Rdg1 Rcg8 23. Rxg2 Rxg2 24. Rf1 Rg8 25. Be1 h5 26. a4 Re8 27. Rg1 Rg8 28. Rxg8 Kxg8 29. a5 Qh3 30. Qxa7 Qxe3+ 31. Bd2 Qg1+ 32. Kc2 e3 33. Qg7+ Qxg7 34. fxg7 1-0

[Event "Tenerife-ch"]
[Site "Santa Cruz"]
[Date "2022.05.09"]
[Round "8"]
[White "Arteaga Medina, Ruben Severo"]
[Black "Gomez Mederos, Daniel"]
[Result "1-0"]
[WhiteElo "1611"]
[BlackElo "1216"]
[PlyCount "63"]
[EventDate "2022.04.20"]
[EventType "swiss"]
[EventRounds "9"]
[EventCountry "ESP"]
[SourceTitle "EXT 2023"]
[Source "ChessBase"]
[SourceDate "2022.10.05"]
[SourceVersion "1"]
[SourceVersionDate "2022.10.05"]
[SourceQuality "1"]

1. d4 Nf6 2. e3 e6 3. Bd3 b6 4. f4 Bb7 5. Nf3 Be7 6. Nbd2 0-0 7. 0-0 c5 8. c3 Nc6 9. a3 d5 10. Ne5 c4 11. Bc2 a5 12. Qf3 b5 13. g4 g6 14. h4 h5 15. g5 Nxe5 16. fxe5 Nd7 17. Qg3 Kg7 18. e4 b4 19. exd5 exd5 20. Nf3 Bc6 21. Re1 Nb6 22. e6 b3 23. Bb1 Bd6 24. Bf4 Bxf4 25. Qxf4 fxe6 26. Qe5+ Kh7 27. Qxe6 Qe8 28. Bxg6+ Qxg6 29. Qxg6+ Kxg6 30. Ne5+ Kf5 31. Rf1+ Ke4 32. Rae1# 1-0

[Event "Tenerife-chT Preferente 1617"]
[Site "Tenerife"]
[Date "2017.03.11"]
[Round "8.4"]
[White "Arteaga Medina, Ruben Severo"]
[Black "Gil Ojeda, Jorge"]
[Result "0-1"]
[WhiteElo "1639"]
[BlackElo "1862"]
[PlyCount "96"]
[EventDate "2016.12.10"]
[EventType "team-tourn"]
[EventRounds "14"]
[EventCountry "ESP"]
[SourceTitle "EXT 2018"]
[Source "ChessBase"]
[SourceDate "2017.10.13"]
[SourceVersion "1"]
[SourceVersionDate "2017.10.13"]
[SourceQuality "1"]
[WhiteTeam "La Gomera"]
[BlackTeam "Cajacanarias"]
[WhiteTeamCountry "ESP"]
[BlackTeamCountry "ESP"]

1. e4 c5 2. Nf3 Nc6 3. d4 cxd4 4. Nxd4 g6 5. c4 Bg7 6. Be3 Nf6 7. f3 0-0 8. Be2 d6 9. g4 Qb6 10. Nxc6 Qxc6 11. Bd4 Nd7 12. Bxg7 Kxg7 13. Qd4+ e5 14. Qd2 h6 15. Nc3 Nc5 16. h4 a6 17. b4 Ne6 18. Nd5 Rd8 19. Rf1 g5 20. hxg5 hxg5 21. Rh1 Bd7 22. Ne7 Qb6 23. Nf5+ Kg8 24. Qxd6 Qxd6 25. Nxd6 Nd4 26. Rb1 Bxg4 27. Nxb7 Nxf3+ 28. Bxf3 Bxf3 29. Rg1 Bxe4 30. Rxg5+ Kf8 31. Nxd8 Bxb1 32. Nb7 f6 33. Rh5 Kg7 34. Rh2 Rb8 35. Rb2 Bd3 36. Na5 Rc8 37. c5 Bb5 38. Nb7 Rh8 39. Rg2+ Kf8 40. Nd6 Rh1+ 41. Kd2 Ra1 42. Kc3 Bc6 43. Kb2 Rxa2+ 44. Kxa2 Bxg2 45. Kb2 Ke7 46. Kc3 Bd5 47. Kd3 Ke6 48. Ne8 Bb7 0-1

[Event "Tenerife-chT Preferente 1617"]
[Site "Tenerife"]
[Date "2017.01.28"]
[Round "5.4"]
[White "Arteaga Medina, Ruben Severo"]
[Black "Rodriguez Perez, Mauro"]
[Result "0-1"]
[WhiteElo "1639"]
[BlackElo "1894"]
[PlyCount "48"]
[EventDate "2016.12.10"]
[EventType "team-tourn"]
[EventRounds "14"]
[EventCountry "ESP"]
[SourceTitle "CBM 176 Extra"]
[Source "ChessBase"]
[SourceDate "2017.03.02"]
[SourceVersion "1"]
[SourceVersionDate "2017.03.02"]
[SourceQuality "1"]
[WhiteTeam "La Gomera"]
[BlackTeam "Canarias 64"]
[WhiteTeamCountry "ESP"]
[BlackTeamCountry "ESP"]

1. e4 e6 2. d4 d5 3. exd5 exd5 4. Bd3 c5 5. c3 Nc6 6. Qe2+ Be7 7. dxc5 Nf6 8. Nf3 0-0 9. Be3 Re8 10. b4 Bg4 11. h3 Bxf3 12. Qxf3 d4 13. cxd4 Nxd4 14. Qd1 Nc6 15. a3 Nd5 16. 0-0 Nxe3 17. fxe3 Bf6 18. Ra2 Rxe3 19. Rd2 Qe7 20. Bc2 Qe5 21. Rd5 Qg3 22. Nd2 Rae8 23. Nf3 Re2 24. Rd2 Qxg2# 0-1

[Event "Tenerife-chT Preferente 1617"]
[Site "Tenerife"]
[Date "2016.12.10"]
[Round "1.4"]
[White "Rodriguez Redondo, Adhara"]
[Black "Arteaga Medina, Ruben Severo"]
[Result "1-0"]
[WhiteElo "1776"]
[BlackElo "1639"]
[PlyCount "65"]
[EventDate "2016.12.10"]
[EventType "team-tourn"]
[EventRounds "14"]
[EventCountry "ESP"]
[SourceTitle "CBM 176 Extra"]
[Source "ChessBase"]
[SourceDate "2017.03.02"]
[SourceVersion "1"]
[SourceVersionDate "2017.03.02"]
[SourceQuality "1"]
[WhiteTeam "Cajacanarias"]
[BlackTeam "La Gomera"]
[WhiteTeamCountry "ESP"]
[BlackTeamCountry "ESP"]

1. e4 c5 2. Nf3 e6 3. d4 cxd4 4. Nxd4 a6 5. Nc3 Qc7 6. Be2 b5 7. 0-0 Bb7 8. Bf3 d6 9. g3 Nd7 10. Bg2 Ngf6 11. Re1 Be7 12. f4 0-0 13. e5 dxe5 14. fxe5 Ne8 15. Bxb7 Qxb7 16. Qg4 Bc5 17. Bg5 h6 18. Bh4 Qc7 19. Qe4 Rc8 20. Rad1 g5 21. Kh1 Ng7 22. Nf3 gxh4 23. Qxh4 Nf5 24. Qg4+ Kh7 25. Ne4 Be7 26. c3 Nb6 27. Qh5 Rg8 28. g4 Rg7 29. gxf5 exf5 30. Qxf5+ Kh8 31. Nf6 Qc6 32. Qh3 Rg6 33. Nd5 1-0

[Event "Santa Cruz de Tenerife op"]
[Site "Santa Cruz de Tenerife"]
[Date "2016.08.24"]
[Round "8"]
[White "Arteaga Medina, Ruben Severo"]
[Black "Gil Ojeda, Jorge"]
[Result "1/2-1/2"]
[WhiteElo "1670"]
[BlackElo "1860"]
[PlyCount "88"]
[EventDate "2016.08.08"]
[EventType "swiss"]
[EventRounds "9"]
[EventCountry "ESP"]
[SourceTitle "CBM 174 Extra"]
[Source "ChessBase"]
[SourceDate "2016.10.10"]
[SourceVersion "1"]
[SourceVersionDate "2016.10.10"]
[SourceQuality "1"]

1. e4 c5 2. Nf3 Nc6 3. d4 cxd4 4. Nxd4 g6 5. Be3 Bg7 6. c4 Nf6 7. Nc3 d6 8. f3 0-0 9. g4 Nxd4 10. Bxd4 Nd7 11. Bxg7 Kxg7 12. h4 Ne5 13. Be2 a6 14. f4 Nc6 15. h5 Rb8 16. hxg6 hxg6 17. Qd2 Bd7 18. f5 Rh8 19. 0-0-0 Qe8 20. Nd5 f6 21. Rxh8 Qxh8 22. Nxe7 Qh2 23. Nxg6 Be8 24. Nf4 Kg8 25. Qxd6 Rd8 26. Qe6+ Bf7 27. Rxd8+ Nxd8 28. Qd6 Nc6 29. Qd2 Qh1+ 30. Qd1 Qxe4 31. Nd5 Kg7 32. Qd3 Qh1+ 33. Kd2 Ne5 34. Qb3 Qh6+ 35. Qe3 Qh2 36. b3 Nxg4 37. Qe4 Ne5 38. Qf4 Qg2 39. Ne3 Qg1 40. Ng4 Qc5 41. Nxe5 fxe5 42. Qg5+ Kf8 43. Qd8+ Kg7 44. Qg5+ Kf8 1/2-1/2

[Event "Tenerife-chT Preferente 1516"]
[Site "Tenerife"]
[Date "2016.04.16"]
[Round "13.4"]
[White "Henriquez Garcia, David"]
[Black "Arteaga Medina, Ruben Severo"]
[Result "1-0"]
[WhiteElo "2026"]
[BlackElo "1598"]
[PlyCount "151"]
[EventDate "2015.12.12"]
[EventType "team-tourn"]
[EventRounds "14"]
[EventCountry "ESP"]
[SourceTitle "EXT 2017"]
[Source "ChessBase"]
[SourceDate "2016.10.25"]
[SourceVersion "1"]
[SourceVersionDate "2016.10.25"]
[SourceQuality "1"]
[WhiteTeam "Laguna Cotelec"]
[BlackTeam "La Gomera"]
[WhiteTeamCountry "ESP"]
[BlackTeamCountry "ESP"]

1. Nf3 Nf6 2. d4 d5 3. Bf4 e6 4. e3 Bd6 5. Ne5 Nbd7 6. Bd3 0-0 7. 0-0 Qe7 8. Nd2 c5 9. c3 Re8 10. Ndf3 c4 11. Bc2 h6 12. h3 Nh5 13. Bh2 f5 14. Ng6 Bxh2+ 15. Nxh2 Qg5 16. Ne5 Nxe5 17. dxe5 g6 18. Nf3 Qe7 19. Nd4 Bd7 20. g4 Ng7 21. f4 Rf8 22. gxf5 gxf5 23. Kh2 Kh7 24. Rg1 Rg8 25. Ba4 a6 26. Bxd7 Qxd7 27. Qf3 Raf8 28. Rg2 Ne8 29. Rag1 Qf7 30. Rxg8 Rxg8 31. Rxg8 Qxg8 32. Qh5 Nc7 33. Qh4 Qf8 34. a3 Kg6 35. Qg3+ Kf7 36. Qf3 Qg7 37. Qd1 b5 38. Nf3 Ke8 39. Qd4 Qe7 40. Qb6 Kf7 41. Kg3 Qd7 42. Nd4 Ke8 43. Nc6 Kf7 44. Nb4 Qc8 45. Qd6 Ne8 46. Qxa6 Qxa6 47. Nxa6 Kg6 48. Nb4 Nc7 49. Nc6 Kg7 50. Kh4 Kg6 51. Nd4 h5 52. Kg3 Kh6 53. Kh4 Kg6 54. Ne2 Ne8 55. Kg3 Kh6 56. Nd4 Nc7 57. b4 Kg6 58. Nc6 Kf7 59. Kh4 Kg6 60. Kg3 Kf7 61. Kf3 Ke8 62. Ke2 Kd7 63. Nd4 Ke7 64. Kd2 Kd7 65. Kc2 Kc8 66. Kb2 Kb7 67. a4 Ka6 68. axb5+ Kb6 69. h4 Ne8 70. Ka3 Ng7 71. Ka4 Kb7 72. Ka5 Ka7 73. b6+ Kb7 74. b5 Kb8 75. Ka6 Kc8 76. Ka7 1-0

[Event "Tenerife-chT Segunda"]
[Site "Tenerife"]
[Date "2015.02.07"]
[Round "3.2"]
[White "Perez Garcia, Jimena"]
[Black "Arteaga Medina, Ruben Severo"]
[Result "1/2-1/2"]
[WhiteElo "1088"]
[BlackElo "1613"]
[PlyCount "84"]
[EventDate "2015.01.24"]
[EventType "swiss"]
[EventRounds "13"]
[EventCountry "ESP"]
[SourceTitle "EXT 2024"]
[Source "ChessBase"]
[SourceDate "2023.10.10"]
[SourceVersion "1"]
[SourceVersionDate "2023.10.10"]
[SourceQuality "1"]
[WhiteTeam "Casa de Venezuela Escuela"]
[BlackTeam "La Gomera II"]
[WhiteTeamCountry "ESP"]
[BlackTeamCountry "ESP"]

1. d4 d5 2. c4 c6 3. Nc3 Nf6 4. Bg5 e6 5. a4 h6 6. Bh4 Bb4 7. e3 Nbd7 8. Nf3 0-0 9. cxd5 exd5 10. Bd3 Re8 11. 0-0 Be7 12. Rb1 a5 13. Re1 Ne4 14. Bxe7 Rxe7 15. Qc2 Ndf6 16. Ne5 Nd6 17. b4 axb4 18. Rxb4 Nd7 19. Nf3 Nb8 20. Ne5 Na6 21. Rb2 Ne8 22. Reb1 Nf6 23. Rb6 Nd7 24. Nxd7 Rxd7 25. Bf5 Re7 26. Bxc8 Qxc8 27. Qb2 Ra7 28. Rc1 Qf5 29. Rb1 Rc7 30. Rc1 Nb8 31. Nb5 Nd7 32. Nxa7 Nxb6 33. Qxb6 Rd7 34. a5 Qd3 35. Qb1 Qd2 36. a6 bxa6 37. Rxc6 g6 38. Rxa6 Rb7 39. Qf1 Rb2 40. Rd6 Rc2 41. Rc6 Ra2 42. Ra6 Rc2 1/2-1/2

[Event "Canarias-ch U16"]
[Site "Costa Teguise"]
[Date "2014.04.25"]
[Round "3"]
[White "Arteaga Medina, Ruben Severo"]
[Black "Diaz Martin, Cristina"]
[Result "1-0"]
[WhiteElo "1603"]
[BlackElo "1541"]
[PlyCount "83"]
[EventDate "2014.04.24"]
[EventType "swiss"]
[EventRounds "7"]
[EventCountry "ESP"]
[SourceTitle "EXT 2016"]
[Source "ChessBase"]
[SourceDate "2015.10.08"]
[SourceVersion "1"]
[SourceVersionDate "2015.10.08"]
[SourceQuality "1"]

1. e4 e5 2. Nf3 Nc6 3. Bc4 Nf6 4. d3 Bc5 5. Bg5 h6 6. Bh4 0-0 7. 0-0 d6 8. h3 Be6 9. Nfd2 a6 10. c3 g5 11. Bg3 Ne7 12. Re1 Ng6 13. Bxe6 fxe6 14. b4 Ba7 15. Nf1 Nf4 16. Bxf4 exf4 17. d4 e5 18. dxe5 dxe5 19. Qxd8 Raxd8 20. Nbd2 g4 21. hxg4 Nxg4 22. Re2 Bxf2+ 23. Rxf2 Nxf2 24. Kxf2 Kg7 25. Nf3 Kf6 26. N1d2 b5 27. Nb3 Rd6 28. Nc5 Re8 29. Ke2 Re7 30. Rh1 Kg6 31. Nh4+ Kf7 32. Nf5 Rg6 33. Nxe7 Kxe7 34. Kf2 Kf7 35. Nd7 Re6 36. Rh5 Kg6 37. Nf8+ Kxh5 38. Nxe6 c6 39. Nc7 Kg4 40. Nxa6 h5 41. Nb8 h4 42. Nxc6 1-0

[Event "Tenerife-chT Primera 1314"]
[Site "Tenerife"]
[Date "2014.02.01"]
[Round "5.4"]
[White "Gonzalez de Armas, Marcial"]
[Black "Arteaga Medina, Ruben Severo"]
[Result "0-1"]
[WhiteElo "1365"]
[BlackElo "1560"]
[PlyCount "58"]
[EventDate "2013.12.14"]
[EventType "team-tourn"]
[EventRounds "14"]
[EventCountry "ESP"]
[SourceTitle "EXT 2015"]
[Source "ChessBase"]
[SourceDate "2014.11.20"]
[SourceVersion "1"]
[SourceVersionDate "2014.11.20"]
[SourceQuality "1"]
[WhiteTeam "Laguna Cotelec II"]
[BlackTeam "La Gomera"]
[WhiteTeamCountry "ESP"]
[BlackTeamCountry "ESP"]

1. c4 c6 2. Nc3 d5 3. cxd5 cxd5 4. d4 Nc6 5. g3 Nf6 6. Bg2 Bf5 7. e3 e6 8. a3 Bd6 9. Nge2 a6 10. 0-0 0-0 11. b4 Nd7 12. Na4 Nb6 13. Nxb6 Qxb6 14. Bb2 a5 15. Rb1 Bxb1 16. Qxb1 axb4 17. axb4 Qxb4 18. Bc3 Qxb1 19. Rxb1 Ra2 20. Nf4 Bxf4 21. gxf4 Rc2 22. Bb4 Nxb4 23. Rxb4 Rb8 24. Rb1 b5 25. f5 b4 26. fxe6 fxe6 27. Bf3 b3 28. Bd1 Rc3 29. Rb2 Rc1 0-1

[Event "Canarias-ch U16 31st"]
[Site "Puerto de la Cruz"]
[Date "2013.04.27"]
[Round "6"]
[White "Arteaga Medina, Ruben Severo"]
[Black "Santana Montjoy, Javier"]
[Result "0-1"]
[WhiteElo "1514"]
[BlackElo "1740"]
[PlyCount "62"]
[EventDate "2013.04.26"]
[EventType "swiss"]
[EventRounds "7"]
[EventCountry "ESP"]
[SourceTitle "EXT 2015"]
[Source "ChessBase"]
[SourceDate "2014.11.20"]
[SourceVersion "1"]
[SourceVersionDate "2014.11.20"]
[SourceQuality "1"]

1. e4 c5 2. Nf3 d6 3. d4 cxd4 4. Nxd4 Nf6 5. Nc3 g6 6. f3 Bg7 7. Be3 Nc6 8. Qd2 0-0 9. 0-0-0 Bd7 10. g4 a5 11. h4 a4 12. h5 Nxd4 13. Bxd4 b5 14. Bxf6 Bxf6 15. hxg6 fxg6 16. Qh6 Rf7 17. Nd5 Bh8 18. Rd2 a3 19. b3 e6 20. Ne3 Qf6 21. Rdh2 Qa1+ 22. Kd2 Bc3+ 23. Kd3 Be1 24. f4 Qc3+ 25. Ke2 Raf8 26. f5 exf5 27. gxf5 Bxf5 28. exf5 Qd2+ 29. Kf3 Rxf5+ 30. Nxf5 Rxf5+ 31. Ke4 d5# 0-1

[Event "Tenerife-chT-A1"]
[Site "Tenerife"]
[Date "2013.02.23"]
[Round "5.4"]
[White "Arteaga Medina, Ruben Severo"]
[Black "Septien Lopez, Valeriano"]
[Result "0-1"]
[WhiteElo "1514"]
[BlackElo "1871"]
[PlyCount "66"]
[EventDate "2013.01.19"]
[EventType "team-tourn"]
[EventRounds "14"]
[EventCountry "ESP"]
[SourceTitle "EXT 2014"]
[Source "ChessBase"]
[SourceDate "2013.11.20"]
[SourceVersion "1"]
[SourceVersionDate "2013.11.20"]
[SourceQuality "1"]
[WhiteTeam "La Gomera"]
[BlackTeam "El Sauzal Libreria Barco II"]
[WhiteTeamCountry "ESP"]
[BlackTeamCountry "ESP"]

1. e4 d5 2. exd5 Qxd5 3. Nc3 Qd6 4. d4 Nf6 5. Bd3 a6 6. Nge2 Bg4 7. Ne4 Nxe4 8. Bxe4 Nc6 9. c3 e5 10. Bxc6+ Qxc6 11. f3 Bf5 12. dxe5 Rd8 13. Nd4 Qg6 14. Qe2 Bd3 15. Qf2 Be7 16. Be3 0-0 17. 0-0-0 Bb1 18. a3 Ba2 19. Qc2 c5 20. Nf5 Qe6 21. Nxe7+ Qxe7 22. b4 Qe6 23. Rxd8 Rxd8 24. Bxc5 Bb3 25. Qe4 Ba4 26. Qxb7 Qb3 27. Qe4 Qxc3+ 28. Kb1 Qb3+ 29. Kc1 Qxa3+ 30. Kb1 Qb3+ 31. Kc1 Qa2 32. Re1 Qa1+ 33. Qb1 Qc3+ 0-1

[Event "Cotelec Laguna op"]
[Site "Cotelec"]
[Date "2012.08.22"]
[Round "6"]
[White "Arteaga Medina, Ruben Severo"]
[Black "Perez Celis, Alba"]
[Result "0-1"]
[WhiteElo "1455"]
[BlackElo "1821"]
[PlyCount "64"]
[EventDate "2012.08.17"]
[EventType "swiss"]
[EventRounds "9"]
[EventCountry "ESP"]
[SourceTitle "CBM 150 Extra"]
[Source "ChessBase"]
[SourceDate "2012.10.19"]
[SourceVersion "1"]
[SourceVersionDate "2012.10.19"]
[SourceQuality "1"]

1. e4 Nf6 2. e5 Nd5 3. d4 d6 4. Nf3 Bg4 5. h3 Bh5 6. Be2 Nc6 7. exd6 exd6 8. 0-0 Be7 9. Re1 0-0 10. Nbd2 Nf4 11. c3 d5 12. Nf1 Bd6 13. Bxf4 Bxf4 14. Qd3 Bg6 15. Qb5 Qd6 16. Qa4 Rfe8 17. Nh4 Be4 18. f3 Bg6 19. Nxg6 hxg6 20. Bb5 Re6 21. Rxe6 Qxe6 22. Kf2 Re8 23. Qc2 g5 24. Qd3 f5 25. g3 Bd6 26. Qd2 g4 27. hxg4 f4 28. gxf4 Qh6 29. Kg1 Bxf4 30. Qg2 Bc1 31. Ng3 Re1+ 32. Kf2 Qe3# 0-1